000 00571nam a22001937a 4500
003 OSt
005 20260309070000.0
008 260309b |||||||| |||| 00| 0 eng d
020 _a1-59339-033-5
040 _aDWCL-Main Lib
_cOC
082 _aGR.577 B862 2003
110 _aBRITANICA
_eCorporate Author
245 _aBritanica learning library : science and nature /
260 _aChicago :
_b Encyclopaedia Britanica,
_c c2003
300 _a63 p. :
_bill. (chiefly col.) ;
_c29 cm.
504 _a1. Includes glossary.
650 _aEcology.
942 _2ddc
_cGR
_mGR.
_n0
999 _c8748
_d8748